| Tag |
First Indicator |
Second Indicator |
Subfields |
| LEADER |
00000cam a2200000 4500 |
| 001 |
in00000063491 |
| 005 |
20151007083123.0 |
| 008 |
800428s1949 iau s00000 eng |
| 010 |
|
|
|a 49009685
|
| 035 |
|
|
|a (OCoLC)06255404
|
| 035 |
|
|
|9 AAF8884AM
|
| 040 |
|
|
|a DLC
|c TXA
|d UtOrBLW
|
| 049 |
|
|
|a TXAM
|c [186925]
|
| 050 |
|
0 |
|a PN147
|b .V4
|
| 082 |
0 |
|
|a 070.41
|
| 092 |
|
|
|a 070.41
|b V539e
|
| 100 |
1 |
|
|a Vernon, Frances Andrews,
|d 1911-
|
| 245 |
1 |
0 |
|a Editor's handbook :
|b a guide to standardization of writing style.
|
| 264 |
|
1 |
|a Ames :
|b Iowa State College Press,
|c 1949.
|
| 300 |
|
|
|a 60 pages ;
|c 20 cm.
|
| 336 |
|
|
|a text
|b txt
|2 rdacontent
|
| 337 |
|
|
|a unmediated
|b n
|2 rdamedia
|
| 338 |
|
|
|a volume
|b nc
|2 rdacarrier
|
| 650 |
|
0 |
|a Authorship
|v Handbooks, manuals, etc.
|
| 999 |
|
|
|a MARS
|
| 999 |
f |
f |
|s fe160872-f99f-32d8-9bbe-ffa1feeaa168
|i b3726f40-c5d1-3df1-a658-6a149c9c704d
|t 0
|
| 952 |
f |
f |
|p ric
|a Texas A&M University
|b Rellis Campus
|c Joint Library Facility
|d Remote Storage
|t 0
|e PN147 .V4
|h Library of Congress classification
|i unmediated -- volume
|m A14800501087
|
| 998 |
f |
f |
|a PN147 .V4
|t 0
|l Remote Storage
|